The bald eagle / (Record no. 3923)

MARC details
000 -LEADER
fixed length control field 01008nam a22002897a 4500
001 - CONTROL NUMBER
control field 3923
003 - CONTROL NUMBER IDENTIFIER
control field FISKH
005 - DATE AND TIME OF LATEST TRANSACTION
control field 20240524082903.0
008 - FIXED-LENGTH DATA ELEMENTS--GENERAL INFORMATION
fixed length control field 240524b cb ||||| |||| 00| 0 eng d
020 ## - INTERNATIONAL STANDARD BOOK NUMBER
International Standard Book Number 9780516278742
040 ## - CATALOGING SOURCE
Original cataloging agency FISKH
Language of cataloging eng
Transcribing agency FISKH
Modifying agency FISKH
050 ## - LIBRARY OF CONGRESS CALL NUMBER
Classification number CD5610.D68
082 ## - DEWEY DECIMAL CLASSIFICATION NUMBER
Classification number 929.9
100 ## - MAIN ENTRY--PERSONAL NAME
Personal name Douglas, Lloyd G.
245 ## - TITLE STATEMENT
Title The bald eagle /
Statement of responsibility, etc. by Lloyd G. Douglas
260 ## - PUBLICATION, DISTRIBUTION, ETC.
Place of publication, distribution, etc. New York :
Name of publisher, distributor, etc. Scholastic,
Date of publication, distribution, etc. 2003.
300 ## - PHYSICAL DESCRIPTION
Extent 24 pages :
Other physical details color illustrations ;
Dimensions 16×18cm
505 ## - FORMATTED CONTENTS NOTE
Formatted contents note J<br/>
520 ## - SUMMARY, ETC.
Summary, etc. Describes traits which make the eagle a good symbol for the United States, briefly explains how the eagle was chosen, and lists some of the places the symbol appears.
521 8# - TARGET AUDIENCE NOTE
Target audience note 500<br/>
Source Lexile <br/>
521 8# - TARGET AUDIENCE NOTE
Target audience note J<br/>
Source Raz-Plus <br/>
650 ## - SUBJECT ADDED ENTRY--TOPICAL TERM
Source of heading or term United States
Topical term or geographic name entry element Seal
Form subdivision Juvenile Literature
650 ## - SUBJECT ADDED ENTRY--TOPICAL TERM
Source of heading or term Bale Eagle
Topical term or geographic name entry element United States
Form subdivision Juvenile Literature
650 ## - SUBJECT ADDED ENTRY--TOPICAL TERM
Source of heading or term Emblems
Topical term or geographic name entry element National
Form subdivision Juvenile Literature
General subdivision United States
942 ## - ADDED ENTRY ELEMENTS (KOHA)
Source of classification or shelving scheme Dewey Decimal Classification
Koha item type Books
Suppress in OPAC No
Holdings
Withdrawn status Lost status Source of classification or shelving scheme Damaged status Not for loan Collection Home library Current library Shelving location Date acquired Total Checkouts Full call number Barcode Date last seen Date last checked out Price effective from Koha item type
    Dewey Decimal Classification     Non-Fiction Footprints International School Library Network Toul Kork Campus Footprints International School Library Network Toul Kork Campus TK Primary Library Room(4th Floor), Bookcase 1&2, Shelves 1-16, Dark Blue Books 05/24/2024 3 DOU 929.9 CD5610.D68 FISBK02165 12/18/2025 12/11/2025 05/24/2024 Books